|
|
|
|
| LEADER |
01620nam a2200409Ia 4500 |
| 001 |
EBC408333 |
| 003 |
MiAaPQ |
| 005 |
20200520144314.0 |
| 006 |
m o d | |
| 007 |
cr cn||||||||| |
| 008 |
940628s1994 ilua sbs 101 0 eng d |
| 010 |
|
|
|z 94022549
|
| 020 |
|
|
|z 0226676218 (alk. paper)
|
| 020 |
|
|
|z 9780226676210
|
| 020 |
|
|
|z 9780226676289
|
| 035 |
|
|
|a (MiAaPQ)EBC408333
|
| 035 |
|
|
|a (Au-PeEL)EBL408333
|
| 035 |
|
|
|a (CaPaEBR)ebr10216950
|
| 035 |
|
|
|a (CaONFJC)MIL122393
|
| 035 |
|
|
|a (OCoLC)437247653
|
| 040 |
|
|
|a MiAaPQ
|c MiAaPQ
|d MiAaPQ
|
| 050 |
|
4 |
|a HC79.S3
|b I54 1994
|
| 082 |
0 |
4 |
|a 339.4/3
|2 20
|
| 245 |
0 |
0 |
|a International comparisons of household saving
|h [electronic resource] /
|c edited by James M. Poterba.
|
| 260 |
|
|
|a Chicago :
|b University of Chicago,
|c 1994.
|
| 300 |
|
|
|a ix, 276 p. :
|b ill.
|
| 490 |
1 |
|
|a National Bureau of Economic Research project report
|
| 500 |
|
|
|a Companion volume to Public policies and household saving, edited by Jim Poterba.
|
| 504 |
|
|
|a Includes bibliographical references and indexes.
|
| 533 |
|
|
|a Electronic reproduction. Ann Arbor, MI : ProQuest, 2015. Available via World Wide Web. Access may be limited to ProQuest affiliated libraries.
|
| 650 |
|
0 |
|a Households
|x Economic aspects
|v Case studies
|v Congresses.
|
| 650 |
|
0 |
|a Saving and investment
|v Case studies
|v Congresses.
|
| 655 |
|
4 |
|a Electronic books.
|
| 700 |
1 |
|
|a Poterba, James M.
|
| 710 |
2 |
|
|a ProQuest (Firm)
|
| 830 |
|
0 |
|a National Bureau of Economic Research project report.
|
| 856 |
4 |
0 |
|u https://ebookcentral.proquest.com/lib/matrademy/detail.action?docID=408333
|z Click to View
|